PSG connais-tu vraiment ce club ? - Statistiques

Statistiques générales
  • Ce quiz a été pris 133 fois
    26 depuis la dernière actualisation
  • Le résultat moyen est 9 sur 10
Statistiques - réponses
Question Réponse % Correct
Quand fut fondé le club ? 1970
100%
Qui est le joueur le plus titré du PSG de tous les temps ? Marquinhos
100%
Lequel de ces logo n'a jamais été un logo du PSG ?
96%
Combien de fois le PSG a gagné la Ligue des Champions ? 1
96%
Qui est le meilleur buteur de ce club ? Kylian Mbappé
96%
Comment se nomme l'entraineur ? Luis Enrique
96%
Lequel de ces joueurs fut un jour goal du PSG ? Gianluigi Donnarumma
91%
Lequel de ces joueurs ne fais pas partie du PSG ? (En 2025) Kylian Mbappé
91%
Pourquoi ce club s'appelle-t-il : "Paris Saint Germain" ? Car c'est le résultat de la fusion entre le Paris FC et le stade Saint Germain.
87%
Laquelle de ces villes ne possède pas sont propre magasin du PSG ? Los Angeles
22%
Aucun quiz correspondant
Distribution des résultats
% des personnes avec chaque résultat
Percentile par nombre de réponses
Votre historique - résultats
Vous n’avez pas pris ce quiz depuis la dernière actualisation